El imperio británico : resistencia, represión y rebeliones. el otro lado de la historia /

Guardado en:
Autor Principal: Gott, Richard
Otros Autores: Sobrino, Francisco T., tr.
Formato: Libro
Publicado: Buenos Aires : Capital Intelectual, 2013
Materias:
Etiquetas: Agregar Etiqueta
Sin Etiquetas, Sea el primero en etiquetar este registro!
LEADER 00747nam a22002295a 4500
001 CEM.cems014004
005 20130614101615.0
008 130507s2013##################000#0#####d
003 CEMS
020 |a 9789876143967 
082 0 4 |a 941.073 
100 1 |a Gott, Richard 
245 1 0 |a El imperio británico :  |b resistencia, represión y rebeliones. el otro lado de la historia /  |c Richard Gott 
260 |a Buenos Aires :  |b Capital Intelectual,  |c 2013 
300 |a 616 p. 
500 |a Traducido por: Francisco T. Sobrino 
653 |a Imperio británico 
653 |a Historia de gran bretaña 
653 |a Inglaterra 
653 |a Colonización 
700 1 |a Sobrino, Francisco T., tr. 
859 |a CEMS  |b BIB. CEMS - 11 de abril  |h 941.073  |i G712  |p 26677.13  |t Ej.1